000
00338nam a2200133Ia 4500
008
100328s9999 xx 000 0 und d
082
_b
21979
100
_a
कुलकर्णी दत्ता. जी.
245
_a
सावट
260
_b
नलिनी
630
_a
सावट
730
_a
सावट
942
_c
BOOK
999
_c
515943
_d
515940